000 00519nam a2200193Ia 4500
005 20250508165946.0
008 008 250505s9999 xx 000 0 eng d
037 _aTextual
040 _aFEDL
_beng
_cFEDL
041 _aeng
_2eng
084 _a128.2, SEA
_qFEDL
100 _aSearle John R
245 0 _aMystery of consciousness
260 _aNew York, USA
_bNew Year Review of Book
_c1997
300 _axvi, 224p.
365 _aINR
_b750
942 _cTEXL
_h128.2, SEA
999 _c1398423
_d1398423